Vyšné Ružbachy

Zobrazenie: Päť čiastkových pohľadov, každý v bielom orámovaní, všetky spolu v striebornom orámovaní. Vpravo je vodorovne medzi pohľadmi čiernym písmom na striebornom podklade názov. Pohľad na liečivý prameň, v pozadí je hustý ihličnatý les. Pohľad na kúpeľný dom "Travertín", vľavo v popre...

Full description

Bibliographic Details
Other Authors: Dušek, Jiří, 1941- (Photographer), Šmátralová, Vlasta (fotografka) (Photographer), Šmátrala, Milan (fotograf) (Photographer), Sláma, Ján (fotograf) (Photographer)
Format: Photo
Language:Slovak
PhysicalDescription:1 pohľadnica (5 čiastkových pohľadov) farebná 11 x 15 cm
Published: Bratislava Pravda 1990
Subjects:

MARC

LEADER 00000ckm a2200000 a 4500
001 vtls001208816
003 SK-MaSNL
005 20260331203516.0
007 kf co
008 231213s1990 xo g 0kuslo
015 |a SNBG1990 
035 |a SNK000151886 
035 |a 4A40A400-8BEB-47BE-8E29-4B39CC5287D3 
035 |a urn:nbn:sk:snk-km00gj0g 
040 |a SNK  |b slo  |c SNK  |e AACR2 
041 0 |a slo 
043 |a e-xo--- 
044 |a xo  |c SK 
072 7 |a 913  |x Regionálna geografia  |2 konspekt 
080 |a 913(437.6)  |2 2011 
080 |a 908(437.6)  |2 2011 
080 |a 730  |2 2011 
080 |a 725.1:615.838  |2 2011 
080 |a 725.1:613.47  |2 2011 
080 |a 711.455:615.838  |2 2011 
080 |a 640.412  |2 2011 
080 |a 630*10  |2 2011 
080 |a (084.121)  |2 2011 
100 1 |a Dušek, Jiří,  |d 1941-  |4 pht  |9 173643 
245 1 0 |a Vyšné Ružbachy  |h grafika  |c foto Jiří Dušek, Vlasta Šmátralová, Milan Šmátrala, Ján Sláma 
246 1 |i Názov na obrazovej časti:  |a Vyšné Ružbachy 
260 |a Bratislava  |b Pravda  |c 1990  |e [Bratislava]  |f TZP-B 
300 |a 1 pohľadnica (5 čiastkových pohľadov)  |b farebná  |c 11 x 15 cm 
500 |a Na adresnej časti uvedené: "Vyšné Ružbachy - termálne a klimatické kúpele uprostred ihličnatých lesov. Liečia sa tu nervové a duševné choroby. V areáli kúpeľov sa nachádza chránený prírodný výtvor Kráter a travertínové jazierko" 
520 8 |a Zobrazenie: Päť čiastkových pohľadov, každý v bielom orámovaní, všetky spolu v striebornom orámovaní. Vpravo je vodorovne medzi pohľadmi čiernym písmom na striebornom podklade názov. Pohľad na liečivý prameň, v pozadí je hustý ihličnatý les. Pohľad na kúpeľný dom "Travertín", vľavo v popredí je liečivý prameň a pred ním sú dve osoby. Pohľad na Hotel vpravo v popredí. Pohľad na kúpeľný dom "Biely dom" s vysokými stĺpmi, vľavo sú skaly, vpravo sú ihličnaté stromy. Vľavo je na trávnatej ploche socha. Vpravo sú chodníky a vysoké lampy. Pohľad na veľký bazén, vľavo v pozadí je na ňom vysoký ihličnatý strom. V pozadí za bazénom je vysoký kúpeľný dom a za ním hustý ihličnatý les 
650 0 7 |a kúpele  |2 SNKPH  |9 1139 
650 0 7 |a kúpeľné budovy  |2 SNKPH  |9 102104 
650 0 7 |a bazény  |2 SNKPH  |9 30214 
650 0 7 |a sochy  |2 SNKPH  |9 29846 
650 0 7 |a hotely  |2 SNKPH  |9 18422 
650 0 7 |a lesy  |2 SNKPH  |9 1437 
651 7 |a Vyšné Ružbachy (Slovensko)  |2 SNKPHgeo  |9 22374 
655 7 |a miestne pohľadnice  |2 SNKPH  |9 70510 
655 7 |a geografické pohľadnice  |2 SNKPH  |9 70522 
700 1 |a Šmátralová, Vlasta  |c (fotografka)  |4 pht  |9 283285 
700 1 |a Šmátrala, Milan  |c (fotograf)  |4 pht  |9 164919 
700 1 |a Sláma, Ján  |c (fotograf)  |4 pht  |9 283283 
852 |a Slovenská národná knižnica 
954 |a pohľadnice pôvodné (slovenské)  |2 lita 
954 |a pohľadnice cudzojazyčné (svetové)  |2 lita 
958 |a GBN 
958 |a OND 
958 |a GC 
999 |c 608429  |d 610359 
952 |a SNK  |b SNK  |y PREZ  |7 0  |p 17A1281594  |o snkSP 144734  |i snk6949/90  |8 0  |0 0  |1 0  |4 0  |d 2020-11-18  |f 1  |l 0  |r 2026-02-23 16:15:23  |w 2026-02-23 
952 |a SNK  |b SNK  |y PREZ  |7 0  |p 17A1281592  |o snkSP 144734 D1  |i snk6950/90  |8 0  |0 0  |1 0  |4 0  |d 2020-11-18  |l 0  |r 2026-02-23 16:15:23  |w 2026-02-23